| 000 | 00387 a2200169 4500 | ||
|---|---|---|---|
| 001 | 57294 | ||
| 020 | _a8508013183 | ||
| 040 | _cAnchieta - Pituba | ||
| 100 | _aPenteado, Maria Heloísa | ||
| 240 | 1 | 0 |
_aNo reino perdido do Beleléu _lpor |
| 245 | 1 | 0 | _aNo reino perdido do Beleléu |
| 300 | _a80 | ||
| 362 | 0 | _a1993 | |
| 440 | 1 | _aÁtica | |
| 650 | 4 | _aLiteratura juvenil | |
| 942 | _cBK | ||
| 999 |
_c57294 _d57294 |
||